000 00502nam a2200181Ia 4500
005 20250508152207.0
008 008 250505s9999 xx 000 0 eng d
037 _aTextual
040 _aFEDL
_beng
_cFEDL
041 _aeng
_2eng
084 _a571, JAM
_qFEDL
100 _aJames E O
245 0 _aPrehistoric religion: A study in prebistoric arcbaeology
260 _aLondon, UK
_bThames and Hudson
_c1957
300 _a300p
942 _cTEXL
_h571, JAM
999 _c1334890
_d1334890